00346nam a2200133Ia 450000500170000000800410001705000260005824500410008426000220012530000440014744000060019152100070019752600080020420140407082925.0140130s9999 xx 000 0 und d aQL 737b.C23W435 1999 cKimberly WienbergeraCats That Roar! bScholastic,c1999 a1 v. (unpaged) : bcol. ill. ; c23 cm. v1 aG5 c740